Newest FBS Teams from 2012-present - Statistics

General Stats
  • This quiz has been taken 9 times
    2 since last reset
  • The average score is 5 of 18
Answer Stats
Year Moved Up Team % Correct
2026 North Dakota State
100%
2025 Delaware
50%
2023 Jacksonville State
50%
2022 James Madison
50%
2024 Kennesaw State
50%
2025 Missouri State
50%
2026 Sacramento State
50%
2023 Sam Houston
50%
2012 UMass
50%
2014 Appalachian State
0%
2015 Charlotte
0%
2017 Coastal Carolina
0%
2014 Georgia Southern
0%
2013 Georgia State
0%
2018 Liberty
0%
2014 Old Dominion
0%
2012 Texas State
0%
2012 UTSA
0%
No matching quizzes found
Score Distribution
Percent of People with Each Score
Percentile by Number Answered
Your Score History
You have not taken this quiz since the last reset